Teste e avaliação em esporte adaptado
Gespeichert in:
| 1. Verfasser: | |
|---|---|
| Weitere Verfasser: | , |
| Format: | Buch |
| Sprache: | Portugiesisch |
| Veröffentlicht: |
São Paulo
Phorte
2009
|
| Schlagworte: | |
| Tags: |
Tag hinzufügen
Keine Tags, Fügen Sie den ersten Tag hinzu!
|
MARC
| LEADER | 00000nam a22000005a 4500 | ||
|---|---|---|---|
| 003 | CL-ChBUA | ||
| 005 | 20120815095518.0 | ||
| 008 | 101123s2009 bl ||||| |||| 000 ||por | ||
| 020 | |a 9788576552321 | ||
| 040 | |a CL-ChBUA |c CL-ChBUA | ||
| 082 | 0 | 0 | |a 796.087 |
| 090 | |c 28262 |d 28262 | ||
| 100 | 1 | |a Irineu Gorla, José | |
| 245 | 1 | 0 | |a Teste e avaliação em esporte adaptado |
| 260 | |a São Paulo |b Phorte |c 2009 | ||
| 300 | |a 222 p. |c 24 cm. | ||
| 504 | |a índice, il. | ||
| 650 | 4 | |a EDUCACION FISICA | |
| 650 | 4 | |a EDUCACION FISICA PARA NIÑOS INCAPACITADOS FISICAMENTE | |
| 700 | 1 | |a Betanho Campana, Mateus | |
| 700 | 1 | |a Zan de Oliveira, Luciana | |
| 942 | |c LIB | ||
| 952 | |0 0 |1 0 |4 0 |7 0 |9 66307 |a UNACH |b UNACH |c 700 |d 2010-11-23 |i 46.990 |l 1 |o 796.087 / Ir 68 |p 67439 |r 2016-08-30 00:00:00 |s 2012-09-13 |u 66307 |w 2012-08-08 |y LIB |k 796.087 / Ir 68 | ||
| 999 | |c 28262 |d 28262 | ||